Do Socialismo Utópico ao Socialismo Científico (Registo nº 199114)

Detalhes MARC
000 -Etiqueta do registo
Valores 00671nam 22002053 4500
100 ## - Dados gerais de processamento
Dados gerais 20251118d u||y0pory50 ba
101 ## - Língua de publicação
Língua Português
200 ## - Titulo e menção de responsabilidade
Título próprio Do Socialismo Utópico ao Socialismo Científico
Primeira menção de responsabilidade Friedrich Engels
Outras menções de responsabilidade Tradução de João Abel
205 ## - Menção da edição
Edição
210 ## - Publicação
Local de publicação Lisboa
Nome do editor Editorial Estampa
Data de publicação 1975 (imp.)
215 ## - Descrição física 
Paginação / Volumes 105, [7] p.
Outras indicações físicas Brochado
Dimensões 19 cm
225 ## - Colecção 
Título próprio da colecção Biblioteca do Socialismo Científico
606 ## - Nome comum usado como assunto
ID Autoridade 4713
Palavra de ordem Ciências Sociais Política
675 ## - CDU
Notação 321.7/ENG/SOC
Edição PT
Língua por
700 ## - Autor principal (pessoa individual)
ID Autoridade 7514
Apelido Engels
Nome Friedrich
Datas 1820-1895
801 ## - Fonte de origem
País PT
Agência BMMN
Regras de catalogação RPC
830 ## - Notas gerais do catalogador
Criado por Carlos Pinto
Data de criação 18-11-2025
Indexado por Carlos Pinto
990 ## - Elementos KOHA
Tipo de documento Livro
Exemplares
Situação do levantamento Biblioteca de origem Código de barras Cota Permissão de empréstimo Tipo de documento Forma de aquisição
  Escola Secundária de Montemor-o-Novo 27868 321.7/ENG/SOC   Livro Compra

Powered by Koha